| 000 | 01134cam a22003497a 4500 | ||
|---|---|---|---|
| 003 | CHAP | ||
| 005 | 20220329141657.0 | ||
| 008 | 971013s1981 r 00010 d | ||
| 010 | _a72071 | ||
| 011 | _a73043 | ||
| 035 | _a82600 | ||
| 040 | _cCHAP | ||
| 090 | _aFolleto 4167 No. 45 | ||
| 110 |
_aCanada. Department of Agriculture _918180 |
||
| 245 | 0 | _aGreen fruitworm Lithophane antennata (Walker) | |
| 260 |
_aOttawa : _b(s.e.), _c1981 |
||
| 300 |
_a2 p. _b: ilus |
||
| 490 | 0 |
_aInsect identification sheet _v; 45 |
|
| 501 | _aEnc. con otros impresos similares | ||
| 590 |
_aBATCH-UPD _b10 _c20130110 _lUCH01 _h0606 |
||
| 590 |
_aBATCH-UPD _b10 _c20130110 _lUCH01 _h2351 |
||
| 590 |
_aBATCH-UPD _b10 _c20130410 _lUCH01 _h0248 |
||
| 590 |
_aBATCH-UPD _b10 _c20130914 _lUCH01 _h1647 |
||
| 590 |
_aCONVERSION _b10 _c20130109 _lUCH01 _h1339 |
||
| 650 | 1 | 4 |
_aInsectos _xIdentificación. _958929 |
| 650 | 1 | 4 |
_aLithophane antennata. _967153 |
| 650 | 1 | 4 |
_aManzana _xPlagas. _970792 |
| 830 | 0 |
_aInsect identification sheet _v; 45 _958853 |
|
| 901 | _aBK | ||
| 942 | _cFOLL | ||
| 949 |
_aFolleto 4167 _bBC _cESP _d-36750 _eESP _fNo.45 _i82600 _mD _si |
||
| 999 |
_c72071 _d72071 |
||